|
|
|
|
| LEADER |
00000cam a2200000 7i4500 |
| 001 |
0000030977 |
| 005 |
20151222.0 |
| 008 |
110426 |
| 020 |
|
|
|a 1843626918
|
| 090 |
0 |
0 |
|a JF
|b ENG
|
| 100 |
1 |
|
|a Lucas, D.J
|
| 245 |
1 |
0 |
|a Bravo Max
|c D.J. Lucas aka Sally Grindley
|
| 260 |
|
|
|a London :
|b Orchard Books ,
|c 2000
|
| 500 |
|
|
|a Children ages 10-12 years old (pink)
|
| 650 |
|
0 |
|a Creative writing
|x Juvenile fiction
|
| 655 |
0 |
0 |
|a Episfolary fiction
|x Children's stories
|
| 999 |
|
|
|a 0001046878
|b Book
|c Children Collection
|e Perbadanan Perpustakaan Awam Johor
|
| 999 |
|
|
|a 0001046879
|b Book
|c Children Collection
|e Perbadanan Perpustakaan Awam Johor
|
| 999 |
|
|
|a 0001046880
|b Book
|c Children Collection
|e Cawangan Kota Tinggi
|